Problems in real analysis (Record no. 660)

MARC details
000 -LEADER
fixed length control field 00623 a2200193 4500
001 - CONTROL NUMBER
control field 066621
003 - CONTROL NUMBER IDENTIFIER
control field OSt
005 - DATE AND TIME OF LATEST TRANSACTION
control field 20211004153850.0
008 - FIXED-LENGTH DATA ELEMENTS--GENERAL INFORMATION
fixed length control field
082 ## - DEWEY DECIMAL CLASSIFICATION NUMBER
Classification number 515.8
Item number R11P
100 1# - MAIN ENTRY--PERSONAL NAME
Personal name Radulescu, Teodora-Liliana T.
245 1# - TITLE STATEMENT
Title Problems in real analysis
Statement of responsibility, etc by Teodora-Liliana T. Radulescu, Vicentiu D. Radulescu and Titu Andreescu
260 ## - PUBLICATION, DISTRIBUTION, ETC. (IMPRINT)
Place of publication, distribution, etc New York
Name of publisher, distributor, etc Springer
Date of publication, distribution, etc 2009
300 ## - PHYSICAL DESCRIPTION
Extent 452p.
690 ## - LOCAL SUBJECT ADDED ENTRY--TOPICAL TERM (OCLC, RLIN)
Topical term or geographic name as entry element Mathematical analysis; Mathematics; Global analysis (Mathematics); Differential equations
700 ## - ADDED ENTRY--PERSONAL NAME
Personal name Radulescu, Vicentiu D.
700 ## - ADDED ENTRY--PERSONAL NAME
Personal name Andreescu, Titu
942 ## - ADDED ENTRY ELEMENTS (KOHA)
Source of classification or shelving scheme Dewey Decimal Classification
Koha item type Books
Holdings
Withdrawn status Lost status Damaged status Not for loan Home library Current library Date acquired Cost, normal purchase price Total Checkouts Full call number Barcode Date last seen Price effective from Koha item type
        Central University Of Rajasthan Central University Of Rajasthan 07/03/2012 3642.00   515.8 R11P 907 21/11/2024 02/09/2020 Books